Представление документа в формате MARC21

Поле Инд. ПП Название Значение
Тип записи a
Библиографический уровень b
001 Контрольный номер RU/IS/BASE/484229902
005 Дата корректировки 20200522191729.1
008 Кодируемые данные 20150506
040 b Код языка каталог. rus
e Правила каталог. PSBO
041 0_ a Код языка текста rus
084 a Индекс другой классификации/Индекс ББК 65.301-21с51
100 1_ a Автор Костин М.
100 1_ a Автор Пахомов А.
245 10 a Заглавие Методический подход комплексной оценки влияния и важности информационных технологий на эффективность системы управления промышленным предприятием
504 a Библиография Библиогр.
520 a Аннотация Рассматривается опыт комплексной оценки влияния и важности информационных технологий на эффективность системы управления промышленным производством. Влияние и важность технологий на эффективность системы управления предприятием оценивается по группам двух показателей: показателям эффективности работы предприятия и показателям качества выполнения управленческих функций.
650 14 a Основная рубрика информационные технологии
a Основная рубрика менеджмент (управление предприятием)
a Основная рубрика промышленное предприятие
a Основная рубрика экономика
a Основная рубрика экономика предприятия
653 1_ a Ключевые слова качество управления
a Ключевые слова конкурентоспособность предприятия
a Ключевые слова производство продукции
a Ключевые слова промышленное производство
a Ключевые слова системы управления производством (СУПр)
a Ключевые слова устойчивое развитие предприятия
a Ключевые слова эффективность управления
773 08 t Заглавие источника РИСК: ресурсы, информация, снабжение, конкуренция
d Дата издания источника 2013
g Прочая информация № 3. - С. 244 - 246 : табл., схем.
w Контрольный № источника RU/IS/BASE/439917319
901 t Тип документа b